Tài nguyên nước và công nghệ xử lý nước cấp tại nhà máy nước Cầu Đỏ
Tìm hiểu về tài nguyên nước. Tìm hiểu về các công nghệ xử lý nước cấp trên thế giới và ở Việt Nam. Tìm hiểu ông nghệ xử lý nước cấp tại nhà máy nước Cầu Đỏ và đánh giá hiệu quả xử lý nước.
Wedi'i Gadw mewn:
| Prif Awdur: | |
|---|---|
| Awduron Eraill: | |
| Fformat: | Llyfr |
| Iaith: | Vietnamese |
| Cyhoeddwyd: |
Đà Nẵng
Đại học Sư phạm, Đại học Đà Nẵng
2013
|
| Pynciau: | |
| Tagiau: |
Ychwanegu Tag
Dim Tagiau, Byddwch y cyntaf i dagio'r cofnod hwn!
|
| Thư viện lưu trữ: | Mạng thư viện Đại học Đà Nẵng |
|---|
| LEADER | 01881nam a2200373 4500 | ||
|---|---|---|---|
| 001 | 000018730 | ||
| 003 | 15165 | ||
| 005 | 20140103090130.0 | ||
| 008 | 131224s2013 viesd | ||
| 041 | |a vie | ||
| 082 | 1 | 4 | |a 628.1 |b TR-T |
| 100 | 1 | |a Trần Phương Trâm | |
| 245 | 1 | 0 | |a Tài nguyên nước và công nghệ xử lý nước cấp tại nhà máy nước Cầu Đỏ |c Trần Phương Trâm ; Phạm Thị Hà hướng dẫn |k Khóa luận tốt nghiệp |
| 260 | |a Đà Nẵng |b Đại học Sư phạm, Đại học Đà Nẵng |c 2013 | ||
| 300 | |a 51 tr., phụ lục 9 tr. |b Hình mh. |c 29 cm. |e Bản tóm tắt | ||
| 500 | |a Khóa luận tốt nghiệp đại học. Chuyên ngành: Cử nhân Khoa học quản lý môi trường | ||
| 520 | |a Tìm hiểu về tài nguyên nước. Tìm hiểu về các công nghệ xử lý nước cấp trên thế giới và ở Việt Nam. Tìm hiểu ông nghệ xử lý nước cấp tại nhà máy nước Cầu Đỏ và đánh giá hiệu quả xử lý nước. | ||
| 650 | 0 | 4 | |a Nước cấp |v Khóa luận tốt nghiệp |x Công nghệ xử lý |z Đà Nẵng |
| 650 | 0 | 4 | |a Tài nguyên nước |v Khóa luận tốt nghiệp |z Đà Nẵng |
| 653 | |a Khoa Hóa | ||
| 653 | |a Tài nguyên nước | ||
| 653 | |a Công nghệ xử lý nước cấp | ||
| 653 | |a Nhà máy nước Cầu Đỏ | ||
| 700 | 1 | |a Phạm Thị Hà |e Hướng dẫn | |
| OWN | |a LSP | ||
| AVA | |a UDN50 |b LSP |d 628.1 TR-T |e available |t Error 5001 Not defined in file expand_doc_bib_avail. |f 1 |g 0 |h N |i 0 |k 1 | ||
| 999 | |a From the UDN01 | ||
| AVA | |a UDN50 |b LSP |d 628.1 TR-T |e available |t Error 5001 Not defined in file expand_doc_bib_avail. |f 1 |g 0 |h N |i 0 |k 1 | ||
| TYP | |a Monograph | ||
| TYP | |a Printed language | ||
| 980 | |a Mạng thư viện Đại học Đà Nẵng | ||